Biggest cities that contain the world, “Saint” - Statistics

General Stats
  • This quiz has been taken 80 times
    56 since last reset
  • The average score is 11 of 17
Answer Stats
City population rank Country City % Correct
#5 Brazil Sao Paulo
98%
#74 Russia Saint Petersburg
96%
#85 Dominican Republic Santo Domingo
92%
#362 Costa Rica San Jose
88%
#551 United States San Jose
88%
#938 Philippines San Jose Del Monte
88%
#494 El Salvador San Salvador
88%
#647 United States San Francisco
87%
#360 United States San Diego
85%
#199 *United States* San Juan
71%
#286 Bolivia Santa Cruz
60%
#845 Dominican Republic Santiago
46%
#608 Honduras San Pedro Sula
33%
#431 Mexico San Luis Potosi
29%
#111 Brazil Salvador
19%
#558 Argentina San Miguel De Tucuman
17%
#765 Brazil Sao Jose Dos Campos
8%
No matching quizzes found
Score Distribution
Percent of People with Each Score
Percentile by Number Answered
Your Score History
You have not taken this quiz since the last reset